000 00404nam a2200157Ia 4500
008 120927t2002 xxu||||| |||| 00| 0 sin d
041 _asin
080 _aX 8 S 3 (Youth)
_bWIJ
245 _aදිවුල් කුමාරි
246 _aDivul Kumari
260 _aGodage
_aColombo
_c2002
300 _b56p, ill, 21 cm
942 _cBK
999 _c43164
_d43164
003 LK-CoDNM
040 _aLK-CoDNM
_dLK-CoDNM
_eLK-CoDNM